Discovering the social sciences (Record no. 2432)

000 -LEADER
fixed length control field 00536nam a22001937a 4500
003 - CONTROL NUMBER IDENTIFIER
control field OSt
005 - DATE AND TIME OF LATEST TRANSACTION
control field 20210709093221.0
008 - FIXED-LENGTH DATA ELEMENTS--GENERAL INFORMATION
fixed length control field 210709b ||||| |||| 00| 0 eng d
020 ## - INTERNATIONAL STANDARD BOOK NUMBER
International Standard Book Number 9780176670900
020 ## - INTERNATIONAL STANDARD BOOK NUMBER
International Standard Book Number 0176670904
040 ## - CATALOGING SOURCE
Transcribing agency alupe university
050 ## - LIBRARY OF CONGRESS CALL NUMBER
Classification number H61
Item number .D57 2014
110 ## - MAIN ENTRY--CORPORATE NAME
Corporate name or jurisdiction name as entry element Nelson Education
245 ## - TITLE STATEMENT
Title Discovering the social sciences
260 ## - PUBLICATION, DISTRIBUTION, ETC.
Place of publication, distribution, etc. Toronto, Ontario
Name of publisher, distributor, etc. Nelson Education
Date of publication, distribution, etc. 2014
300 ## - PHYSICAL DESCRIPTION
Extent 430 pages ; 28 cm
650 ## - SUBJECT ADDED ENTRY--TOPICAL TERM
Topical term or geographic name entry element Social sciences -- Textbooks.
Form subdivision Social sciences.
942 ## - ADDED ENTRY ELEMENTS (KOHA)
Source of classification or shelving scheme
Koha item type Book
Suppress in OPAC MW
Holdings
Withdrawn status Lost status Source of classification or shelving scheme Damaged status Not for loan Permanent Location Current Location Shelving location Date acquired Total Checkouts Full call number Barcode Date last seen Price effective from Koha item type Public note
          AU LIBRARY AU LIBRARY Open Shelf 09.07.2021   H61 .D57 2014 28000785 09.07.2021 09.07.2021 Book MW

Powered by Koha